000 01216nam a2200337 i 4500
003 DO-SdBNP
005 20230803112408.0
006 a||||ar|||| 00| 0
007 ta
008 230707e2014 dr a||| 00| j spa d
020 _a978994465181
040 _aDO-SdBNP
_bspa
_cBPMSU
_erda
082 4 _a863.44
_bG216t 2014
_222
100 1 _aGarcía Escobar, Obdulia de
100 z _a De Escobar, Obdulia García
245 1 3 _aEl tìo Luis /
_cObdulia García de Escobar; edición al cuidado de: Daniel torres Mata; ilustraciones de portada e interiores: José Amado Polanco
264 1 _aSanto Domingo :
_bEdiciones CP,
_c2014
300 _a55 páginas :
_bIlustraciones ;
_c20 cm
336 _2rdaconten
_atexto
_btxt
337 _2rdamedia
_asin medición
_bn
338 _2rdacarrier
_avolumen
_bnc
490 0 _aLa casa de los cuentos
_a
500 _aIncluye ficha de comprensión lectora.
500 _aIncluye datos biográficos de la autora en la contracubierta
590 _aInventariado 2023 /VM
650 4 _aCuentos infantiles españoles
700 1 _aTorres Mata, Daniel,
_eeditor
700 1 _aPolanco, José Amado,
_eilustrador
910 _aVMateo V. Control de calidad. BPMSU
942 _2ddc
_cBK
999 _c14457
_d14457